000 00649nam a22002057a 4500
003 OSt
005 20140310183130.0
008 130601t xxu||||| |||| 00| 0 eng d
020 _a9789718610589
050 _aDS 686.62
_b.M791 2010
082 _aFIL 959.9057
_bM791 2010
245 _aEDSA 1 in the Public minds of Filipino Civilian and Military Groups
_bA Social Representations Approach to History
_cMontiel, Cristina Jayme
260 _aManila, Philippine
_bInstitute of Philippine Culture
_cc2010
300 _a56 p.
521 _acollege students
526 _c1210L-1700L
541 _j1
562 _e1
942 _2lcc
_cBK
_kFIL
999 _c19130
_d19130